000 00564nam a2200229Ia 4500
003 OSt
005 20220918231526.0
006 a|||||r|||| 00| 0
007 ta
008 220917b |||||||| |||| 00| 0 eng d
024 _a304,156
037 _cTextual
040 _aARTS
_cARTS
_beng
041 _2eng
_aeng
082 _aO1591,2N00,3, L5
100 _aBhata
_9154921
245 0 _aKalicharan patnaik
260 _c1975
650 _aORIYA LITERATURE
_927692
942 _hO1591,2N00,3, L5
_cTEXL
_2CC
999 _c291534
_d291534